000 00374nam a2200121Ia 4500
008 210430s9999 xx 000 0 und d
082 _a310 G212 S
100 _aHenry E. Garrett, R.S. Woodworth.
_9128948
245 _aStatistics in Psychology and education /
_cHenry E. Garrett
260 _aIslamabad
_bNational Book Foundation
_c2000
300 _a546p.
942 _cBK
_2ddc
999 _c561688
_d561688